banner koha

Consideracoes sobre a microflora aerobia de secrecoes uterinas em eguas puro sangue ingles (Registro n. 312788)

MARC details
000 -LÍDER
campo de controle de tamanho fixo 01167naa a22003257a 4500
001 - NÚMERO DE CONTROLE
campo de controle BR8005920
003 - IDENTIFICADOR DO NÚMERO DE CONTROLE
campo de controle BR-BrBNA
005 - DATA E HORÁRIO DA ÚLTIMA TRANSAÇÃO
campo de controle 20240918174657.0
007 - CAMPO FIXO DE DESCRIÇÃO FÍSICA--INFORMAÇÃO GERAL
campo de controle de tamanho fixo ta
008 - CAMPO DE DADOS FIXOS--INFORMAÇÃO GERAL
campo de controle de tamanho fixo 230509b bl.||||| |||| 00| 0 por d
040 ## - FONTE DA CATALOGAÇÃO
Instituição da catalogação original BR-BrBNA
Idioma da catalogação por
Instituição que transcreveu o registro Biblioteca Nacional de Agricultura
041 ## - CÓDIGO DE IDIOMA
Código do idioma do texto/trilha sonora ou título diferente (Pt)
072 ## - CÓDIGO DE CATEGORIA DE ASSUNTO
Código de Categoria de Assunto L73
Código do objeto 5120
090 ## - NÚMERO DE CHAMADA LOCAL
Número de chamada L73 BR8005920
100 1# - ENTRADA PRINCIPAL--NOME PESSOAL
Nome pessoal Santos, M.R.S. dos
111 1# - ENTRADA PRINCIPAL--NOME DO EVENTO
Nome do evento ou lugar 3. Ciclo Internacional de Clinica Veterinaria Equina
Local do evento Sao Paulo, SP (Brazil)
Data do evento ou assinatura do tratado 19-22 May 1980
245 1# - TÍTULO
Título Consideracoes sobre a microflora aerobia de secrecoes uterinas em eguas puro sangue ingles
260 3# - PUBLICAÇÃO, DISTRIBUIÇÃO, ETC.
Local de publicação, distribuição, etc. Sao Paulo, SP (Brasil):
Data da publicação, distribuição, etc. 1980.
500 ## - NOTA GERAL
Nota geral Anais do 3. Ciclo Internacional de Clinica Veterinaria Equina<br/>Sao Paulo, SP (Brasil): 1980. p. 83-89<br/>(BR8005920-AM)L73<br/>
650 ## - ASSUNTO--TERMO TÓPICO
Cabeçalho tópico ou nome geográfico EGUA
650 ## - ASSUNTO--TERMO TÓPICO
Cabeçalho tópico ou nome geográfico PURO SANGUE INGLES
650 ## - ASSUNTO--TERMO TÓPICO
Cabeçalho tópico ou nome geográfico MICRORGANISMO
650 ## - ASSUNTO--TERMO TÓPICO
Cabeçalho tópico ou nome geográfico MICROFLORA
650 ## - ASSUNTO--TERMO TÓPICO
Cabeçalho tópico ou nome geográfico FLORA AEROBICA
650 ## - ASSUNTO--TERMO TÓPICO
Cabeçalho tópico ou nome geográfico SECRECAO
650 ## - ASSUNTO--TERMO TÓPICO
Cabeçalho tópico ou nome geográfico UTERO
773 0# - ENTRADA ANALÍTICA
Título Anais do 3. Ciclo Internacional de Clinica Veterinaria Equina
Número de controle do registro L73 BR8005920
Partes relacionadas Sao Paulo, SP (Brasil), 1980. p. 83-89
909 ## -
-- 202404
-- Lucia
-- 55
-- Lucia Elande
942 ## - ELEMENTOS DE ENTRADA ADICIONADOS (KOHA)
Tipo de material Koha Capítulo-Livro
Fonte da classificação ou esquema de arquivamento na estante Classificação AGRIS
Exemplares
Situação do descarte Fonte da classificação ou esquema de arquivamento na estante Situação física Não pode ser emprestado Coleção Biblioteca de origem Biblioteca atual Localização na estante Total de empréstimos Número de telefone completo Data de último acesso Número do exemplar Tipo de material Koha Situação das perdas Data de aquisição Fonte de aquisição
  Classificação AGRIS       Biblioteca Nacional de Agricultura - Binagri Biblioteca Nacional de Agricultura - Binagri Agrobase - Acervo Geral   5100 BR8005911 20/05/2024 01 Capítulo-Livro   2024-04-11 Portaria Interministerial nº 164/94

BINAGRI

Telefone: (61)3218-2567/2388/3357/2097 - binagri@agro.gov.br

Ministério da Agricultura e Pecuária , Esplanada dos Ministérios, Bloco D, Anexo B, Brasília/DF, CEP: 70.043-900